00328nam a2200121Ia 4500008004100000020001500041041001200056100002000068245005500088260003900143300000800182650001600190221030s9999 xx 000 0 und d a8177581799 aEnglish aA. S. Tanenbaum 0aDistributed Opearating Systemscby A. S. Tanenbaum bPearson EdcuationaNew Delhic2013 a606 aBE Computer